El siglo de oro de la pintura española
Gorde:
| Egile nagusia: | |
|---|---|
| Formatua: | Liburua |
| Hizkuntza: | gaztelania |
| Argitaratua: |
Madrid
Mondadori
1991
|
| Saila: | Biblioteca Mondadori
|
| Gaiak: | |
| Etiketak: |
Etiketa erantsi
Etiketarik gabe, Izan zaitez lehena erregistro honi etiketa jartzen!
|
MARC
| LEADER | 00000nam a2200000 a 4500 | ||
|---|---|---|---|
| 001 | UCM6430 | ||
| 003 | CL-VaPUC | ||
| 008 | 021108e19910000SP |||||||||||||||||spa|d | ||
| 082 | 0 | 4 | |a 759.6 |b PER |2 21 |
| 100 | 0 | |a Pérez Sánchez, Alfonso E |e author |9 472302 | |
| 245 | 1 | 3 | |a El siglo de oro de la pintura española |
| 300 | |a 380 p | ||
| 942 | |c BK | ||
| 945 | |d 20021108 00:00:00 |a cmena | ||
| 260 | |a Madrid |b Mondadori |c 1991 | ||
| 650 | 0 | |a Pintura española |9 315217 | |
| 650 | 0 | |a Siglo de oro español |9 414273 | |
| 650 | 0 | |a Teoría del arte |9 387638 | |
| 650 | 0 | |a Creación artística |9 266215 | |
| 583 | |a last modification |c 20130924 07:05:06 |k Rodrigo Vera | ||
| 490 | 0 | |a Biblioteca Mondadori | |
| 999 | |c 301834 |d 301832 | ||
| 952 | |0 0 |1 0 |4 0 |6 759_600000000000000_PER_1991 |7 0 |8 A |9 361497 |a BIBHIS |b BIBHIS |d 2019-11-21 |i 3839923 |o 759.6 PER 1991 |p 3839923 |r 2025-01-20 |w 2019-11-21 |y BK |k HIS | ||